000 01039nam a2200265Ia 4500
003 OSt
005 20221005110409.0
006 a|||||r|||| 00| 0
007 ta
008 221004b |||||||| |||| 00| 0 hin d
020 _a9789383233007 (hbk)
_cINR 475.00
024 _a29564
037 _b278, 03/03/2017, Eastern Book Linkers
_cTextual
040 _aCRL
_cCRL
_bhin
041 _2hin
_ahin
082 _aO152,2:g(NT), Q3
100 _aरस्तोगी, गिरीश, ले.
245 0 _aनाट्यचिंतन और रंगदर्शनः अंतर्संबंध
246 _aNāṭyachiantan aur rangadarshanah aantarsanbandha
260 _aनई दिल्ली
_bकिताबघर प्रकाशन भारत
_c2013
300 _a272पृ0
_ccm.
650 _aहिन्दी नाटक
942 _hO152,2:g(NT), Q3
_cTEXL
_2cc
999 _c1018682
_d1018682